| 000 | 00000nam##2200000za#4500 |
| 001 | 9.607927 |
| 003 | CaOODSP |
| 005 | 20210624213353 |
| 007 | cr ||||||||||| |
| 008 | 150406|2009||||xxc|||||o f|0| 0 fre|d |
| 040 | |aCaOODSP|bfre |
| 043 | |an-cn--- |
| 086 | 1 |aFs70-4/2009-048F-PDF |
| 110 | 1 |aCanada. |bMinistère des pêches et des océans. |
| 245 | 10|aÉvaluation de la pêche sportive hivernale dans le fjord du Saguenay en 2004 : |h[ressource électronique]|b14 décembre 2004, Institut Maurice-Lamontagne / |cSerge Gosselin, Président de réunion; François Grégoire, Rapporteur. |
| 260 | |aMont-Joli - Québec : |bPêches et Océans Canada |cFévrier 2010. |
| 300 | |a19p. |
| 490 | 1 |aSecrétariat canadien de consultation scientifique, série des comptes rendus|v2009/048 |
| 546 | |aEn français avec sommaire bilingue. |
| 590 | |a14-20-Supp|b2014-11-25 |
| 830 | #0|aCompte rendu (Secrétariat canadien de consultation scientifique)|v2009/048|w(CaOODSP)9.502879 |
| 856 | 40|ahttp://publications.gc.ca|qPDF|s77 Ko|uhttps://publications.gc.ca/collections/collection_2014/mpo-dfo/Fs70-4-2009-048-fra.pdf|y2009/048 |